| 000 | 00944cam a22003377a 4500 | ||
|---|---|---|---|
| 003 | CHAP | ||
| 005 | 20220817041141.0 | ||
| 008 | 971013s1992 it a r 00010 eng d | ||
| 010 | _a7480 | ||
| 011 | _a8452 | ||
| 035 | _a7681 | ||
| 040 | _cCHAP | ||
| 082 | 0 | 4 |
_a658.567 _bF3 |
| 110 | 2 | _aFAO | |
| 245 | 1 | 0 | _aBiogas processes for sustainable development |
| 260 |
_aRome : _bFAO, _c1992 |
||
| 300 |
_a232 p. _b: ilus. |
||
| 410 | 0 | 0 | _aFAO |
| 490 | 0 |
_aFAO. Servicios agrÃcolas _v; 95 |
|
| 590 |
_aBATCH-UPD _b10 _c20130110 _lUCH01 _h1344 |
||
| 590 |
_aBATCH-UPD _b10 _c20130410 _lUCH01 _h0844 |
||
| 590 |
_aBATCH-UPD _b10 _c20130914 _lUCH01 _h0632 |
||
| 590 |
_aCONVERSION _b10 _c20130109 _lUCH01 _h1305 |
||
| 650 | 1 | 4 |
_aBiogas. _912740 |
| 700 | 0 |
_aMarchaim, Uri. _971263 |
|
| 810 | 0 | _aFAO | |
| 830 | 0 | 0 |
_aFAO. Servicios agrÃcolas _v; 95 _939697 |
| 901 | _aBK | ||
| 942 | _cLIBRO | ||
| 949 |
_a658.567 F3 _bBC _cFAO _d-17510 _eFAO1 _h83091 _i7681 _si |
||
| 999 |
_c7480 _d7480 |
||